[Event "Mittelfranken Landesliga Sued 2223"]
[Site "Mittelfranken"]
[Date "2023.02.05"]
[Round "6.5"]
[White "Schleich, Markus"]
[Black "Walch, Ingo"]
[Result "1-0"]
[WhiteElo "2172"]
[BlackElo "2065"]
[PlyCount "75"]
[EventDate "2022.10.09"]
[EventType "team-tourn"]
[EventRounds "9"]
[EventCountry "GER"]
[SourceTitle "EXT 2024"]
[Source "ChessBase"]
[SourceDate "2023.10.10"]
[SourceVersion "1"]
[SourceVersionDate "2023.10.10"]
[SourceQuality "1"]
[WhiteTeam "Garching II"]
[BlackTeam "Rottal Inn"]
[WhiteTeamCountry "GER"]
[BlackTeamCountry "GER"]

1. e4 d6 2. d4 Nf6 3. Nc3 e5 4. Nge2 Be7 5. h3 c6 6. g4 Nfd7 7. Ng3 Nb6 8. Bg2 exd4 9. Qxd4 Bf6 10. Qd2 0-0 11. 0-0 Nc4 12. Qd3 Be6 13. Nh5 Be7 14. Qd4 f6 15. b3 Nb6 16. Bb2 Na6 17. Rad1 Qc7 18. Kh1 Rad8 19. g5 Bf7 20. gxf6 Bxh5 21. fxe7 Qxe7 22. Rd3 Nc5 23. Rg3 Rf7 24. f4 Qh4 25. Qf2 Qe7 26. a4 Nbd7 27. Kh2 a5 28. Qe3 Re8 29. Rg5 Bg6 30. f5 Qe5+ 31. Qg3 Ref8 32. Re1 Ne6 33. Qxe5 Nxe5 34. fxe6 Rf2 35. Kg1 Rxc2 36. Re2 Rxe2 37. Nxe2 Rf3 38. Bxe5 1-0

[Event "Landesliga Sued 1920"]
[Site "Bayern"]
[Date "2019.11.24"]
[Round "3.7"]
[White "Rubke, Manfred"]
[Black "Walch, Ingo"]
[Result "1/2-1/2"]
[WhiteElo "2062"]
[BlackElo "2054"]
[PlyCount "33"]
[EventDate "2019.09.29"]
[EventType "team-tourn"]
[EventRounds "9"]
[EventCountry "GER"]
[SourceTitle "EXT 2021"]
[Source "ChessBase"]
[SourceDate "2020.10.23"]
[SourceVersion "1"]
[SourceVersionDate "2020.10.23"]
[SourceQuality "1"]
[WhiteTeam "Haunstetten"]
[BlackTeam "Rottal Inn"]
[WhiteTeamCountry "GER"]
[BlackTeamCountry "GER"]

1. c4 e5 2. e4 Nc6 3. Nf3 Nf6 4. Nc3 Bc5 5. h3 d6 6. d3 h6 7. Be2 a6 8. Bd2 Bd7 9. Nd5 Nd4 10. Bc3 Nxd5 11. cxd5 Nxf3+ 12. Bxf3 Qf6 13. Qd2 0-0 14. Bg4 Be8 15. 0-0 c6 16. dxc6 Bxc6 17. Kh1 1/2-1/2

[Event "Landesliga Sued 1819"]
[Site "Bayern"]
[Date "2019.02.03"]
[Round "6.5"]
[White "Hinterreiter, Markus"]
[Black "Walch, Ingo"]
[Result "1/2-1/2"]
[WhiteElo "2137"]
[BlackElo "2089"]
[PlyCount "81"]
[EventDate "2018.10.21"]
[EventType "team-tourn"]
[EventRounds "9"]
[EventCountry "GER"]
[SourceTitle "EXT 2022"]
[Source "ChessBase"]
[SourceDate "2021.10.06"]
[SourceVersion "1"]
[SourceVersionDate "2021.10.06"]
[SourceQuality "1"]
[WhiteTeam "Trostberg TSV"]
[BlackTeam "Rottal Inn"]
[WhiteTeamCountry "GER"]
[BlackTeamCountry "GER"]

1. e4 d6 2. d4 Nf6 3. Nc3 e5 4. Nf3 Nbd7 5. Bc4 Be7 6. 0-0 0-0 7. a4 c6 8. a5 b5 9. axb6 Qxb6 10. dxe5 dxe5 11. Qe2 Qc7 12. Nd2 Nc5 13. Nb3 Nfd7 14. Be3 Nxb3 15. cxb3 Bc5 16. Na4 Bxe3 17. Qxe3 Rb8 18. Nc5 Nb6 19. Be2 Qe7 20. Rfc1 Rd8 21. Ra5 f6 22. Nd3 Be6 23. Nb4 Qxb4 24. Rxa7 Qd2 25. Rxc6 Qxe3 26. fxe3 Nc8 27. Ra3 Kf7 28. Raa6 Bxb3 29. Bh5+ Kf8 30. Bg4 Bf7 31. b4 Ne7 32. Rc7 Ng8 33. Ra4 Rd2 34. b5 Be8 35. Raa7 Rxb5 36. h3 Rb8 37. Rxg7 Bg6 38. Bf5 Rdd8 39. Bxg6 hxg6 40. Raf7+ Ke8 41. Ra7 1/2-1/2

[Event "Landesliga Sued 1819"]
[Site "Bayern"]
[Date "2018.11.11"]
[Round "2.6"]
[White "Walch, Ingo"]
[Black "Bauer, Wolfgang"]
[Result "1-0"]
[WhiteElo "2089"]
[BlackElo "1818"]
[PlyCount "79"]
[EventDate "2018.10.21"]
[EventType "team-tourn"]
[EventRounds "9"]
[EventCountry "GER"]
[SourceTitle "EXT 2022"]
[Source "ChessBase"]
[SourceDate "2021.10.06"]
[SourceVersion "1"]
[SourceVersionDate "2021.10.06"]
[SourceQuality "1"]
[WhiteTeam "Rottal Inn"]
[BlackTeam "Dillingen"]
[WhiteTeamCountry "GER"]
[BlackTeamCountry "GER"]

1. d4 Nf6 2. c4 e6 3. Nf3 Bb4+ 4. Nbd2 b6 5. g3 Bb7 6. Bg2 0-0 7. 0-0 d5 8. Ne5 Bxd2 9. Qxd2 Ne4 10. Qc2 Nd7 11. Rd1 f5 12. Bf4 Ndf6 13. Rac1 c6 14. c5 bxc5 15. dxc5 Nh5 16. Be3 Qc7 17. Bd4 Ba6 18. b4 Rab8 19. Rb1 Bc8 20. Nd3 Rb7 21. Rdc1 Re8 22. Ne5 a6 23. e3 Bd7 24. Bf1 Ra8 25. Bd3 Be8 26. a4 Qb8 27. b5 axb5 28. axb5 Rxb5 29. Bxb5 cxb5 30. Rb2 Qc8 31. Nd3 Ra4 32. Ne5 g6 33. Kg2 Ng7 34. f3 Ng5 35. Ra2 Nf7 36. Nxf7 Kxf7 37. Rxa4 bxa4 38. c6 Qc7 39. Qxa4 e5 40. Qa7 1-0

[Event "Landesliga Sued 1718"]
[Site "Bayern"]
[Date "2018.04.15"]
[Round "9.6"]
[White "Giss, Arthur"]
[Black "Walch, Ingo"]
[Result "0-1"]
[WhiteElo "2056"]
[BlackElo "2089"]
[PlyCount "86"]
[EventDate "2017.10.22"]
[EventType "team-tourn"]
[EventRounds "9"]
[EventCountry "GER"]
[SourceTitle "EXT 2022"]
[Source "ChessBase"]
[SourceDate "2021.10.06"]
[SourceVersion "1"]
[SourceVersionDate "2021.10.06"]
[SourceQuality "1"]
[WhiteTeam "Dillingen"]
[BlackTeam "Rottal Inn"]
[WhiteTeamCountry "GER"]
[BlackTeamCountry "GER"]

1. e4 d6 2. Nc3 Nf6 3. d3 e5 4. g3 Be7 5. Bg2 0-0 6. Nh3 c5 7. 0-0 Nc6 8. Ne2 Rb8 9. c3 Ne8 10. f4 Nc7 11. f5 d5 12. Qc2 Re8 13. g4 h6 14. Ng3 d4 15. Qd2 dxc3 16. bxc3 c4 17. Rf3 f6 18. Bf1 Bf8 19. dxc4 Qxd2 20. Bxd2 b6 21. Nf2 Rd8 22. Be3 Na6 23. Nd3 Bd7 24. a3 Rbc8 25. Nb4 Nc5 26. Bf2 Na5 27. Rd1 Ba4 28. Rd5 Bb3 29. Nd3 Na4 30. Nb4 Nxc4 31. Kg2 Na5 32. c4 Bxc4 33. Bxc4 Nxc4 34. Nc6 Rxd5 35. exd5 a6 36. Ne4 Nd6 37. Nd2 Kf7 38. Rb3 b5 39. Rd3 Nb2 40. Rb3 Nbc4 41. Be1 Nb6 42. Nb4 a5 43. Bf2 Nbc4 0-1

[Event "Landesliga Sued 1617"]
[Site "Bayern"]
[Date "2016.10.16"]
[Round "1.7"]
[White "Walch, Ingo"]
[Black "Spruenken, Dirk"]
[Result "1-0"]
[WhiteElo "2026"]
[BlackElo "1901"]
[PlyCount "83"]
[EventDate "2016.10.16"]
[EventType "team-tourn"]
[EventRounds "9"]
[EventCountry "GER"]
[SourceTitle "EXT 2019"]
[Source "ChessBase"]
[SourceDate "2018.10.10"]
[SourceVersion "1"]
[SourceVersionDate "2018.10.10"]
[SourceQuality "1"]
[WhiteTeam "Rottal"]
[BlackTeam "Freising"]
[WhiteTeamCountry "GER"]
[BlackTeamCountry "GER"]

1. d4 d5 2. c4 c6 3. Nc3 dxc4 4. e3 b5 5. a4 b4 6. Nb1 Ba6 7. Nf3 Nd7 8. Be2 e6 9. 0-0 Ngf6 10. b3 Be7 11. bxc4 c5 12. Bb2 0-0 13. Nbd2 Bb7 14. a5 Qc7 15. Bd3 Rfd8 16. Qe2 Rac8 17. h3 Ba8 18. Rfd1 Bd6 19. Bc2 Bxf3 20. Qxf3 e5 21. d5 Nf8 22. e4 Ng6 23. g3 Qd7 24. Kg2 Qe7 25. Nf1 Nd7 26. Ne3 Qf6 27. Qh5 Ne7 28. Rf1 g6 29. Qe2 Qg5 30. Bc1 Qf6 31. h4 Qg7 32. Bb2 f6 33. Ba4 Rc7 34. Qg4 f5 35. exf5 Nf6 36. Qh3 gxf5 37. Nxf5 Nxf5 38. Qxf5 Qg6 39. Bc2 Qxf5 40. Bxf5 h5 41. Rfe1 Nxd5 42. Be6+ 1-0

[Event "Landesliga Sued 1516"]
[Site "Bayern"]
[Date "2015.12.13"]
[Round "4.8"]
[White "Walch, Ingo"]
[Black "Hoeller, Armin"]
[Result "0-1"]
[WhiteElo "2027"]
[BlackElo "1968"]
[PlyCount "82"]
[EventDate "2015.10.11"]
[EventType "team-tourn"]
[EventRounds "9"]
[EventCountry "GER"]
[SourceTitle "EXT 2018"]
[Source "ChessBase"]
[SourceDate "2017.10.13"]
[SourceVersion "1"]
[SourceVersionDate "2017.10.13"]
[SourceQuality "1"]
[WhiteTeam "Rottal"]
[BlackTeam "Weilheim"]
[WhiteTeamCountry "GER"]
[BlackTeamCountry "GER"]

1. d4 f5 2. Bg5 h6 3. Bh4 g5 4. Bg3 Bg7 5. e3 Nf6 6. Bd3 d6 7. Nd2 Nc6 8. c3 e5 9. f3 Qe7 10. Ne2 e4 11. fxe4 Ng4 12. Nf1 fxe4 13. Bc4 Bd7 14. h3 Na5 15. Bb3 Nf6 16. Qc2 Rf8 17. 0-0-0 Nxb3+ 18. axb3 Nd5 19. Qd2 a5 20. Kb1 b5 21. Nc1 Be6 22. Qe2 c6 23. Nd2 a4 24. Rhf1 a3 25. Rxf8+ Kxf8 26. Nf1 axb2 27. Qxb2 b4 28. Ne2 bxc3 29. Nxc3 Nb4 30. Na4 Nd3 31. Qa3 c5 32. Nd2 d5 33. dxc5 Kg8 34. Bd6 Qb7 35. Qa2 Nb2 36. Nxb2 Rxa2 37. Kxa2 Qa6+ 38. Kb1 Qa3 39. Na4 Qa1+ 40. Kc2 Qa2+ 41. Kc1 Bd7 0-1

[Event "Landesliga Sued 1516"]
[Site "Bayern"]
[Date "2015.11.15"]
[Round "3.6"]
[White "Bielmeier, Ludwig"]
[Black "Walch, Ingo"]
[Result "0-1"]
[WhiteElo "2025"]
[BlackElo "2027"]
[PlyCount "86"]
[EventDate "2015.10.11"]
[EventType "team-tourn"]
[EventRounds "9"]
[EventCountry "GER"]
[SourceTitle "EXT 2018"]
[Source "ChessBase"]
[SourceDate "2017.10.13"]
[SourceVersion "1"]
[SourceVersionDate "2017.10.13"]
[SourceQuality "1"]
[WhiteTeam "Deggendorf"]
[BlackTeam "Rottal"]
[WhiteTeamCountry "GER"]
[BlackTeamCountry "GER"]

1. Nf3 Nf6 2. c4 e6 3. g3 b6 4. Bg2 Bb7 5. 0-0 c5 6. b3 Be7 7. Bb2 d6 8. e3 Qc7 9. Qe2 0-0 10. Nc3 Nbd7 11. d4 Rad8 12. Rfd1 Ne4 13. Nb5 Qb8 14. Ne1 a6 15. Na3 Rfe8 16. f3 Nef6 17. dxc5 bxc5 18. Rac1 Bc6 19. Bc3 Qa7 20. e4 e5 21. Nac2 Nf8 22. Bh3 Ne6 23. Bxe6 fxe6 24. Qg2 Qc7 25. Nd3 Bf8 26. Re1 Re7 27. Rcd1 Rf7 28. Re2 g6 29. Qh3 Bg7 30. Ne3 Bb7 31. Rf1 Nh5 32. Ng4 Qe7 33. Bd2 Qf8 34. Qg2 Nf6 35. Nxf6+ Rxf6 36. g4 Rf7 37. Qh3 Qe7 38. Rff2 Bf6 39. Qg2 Bg5 40. Qf1 Bh4 41. Rg2 Rdf8 42. f4 exf4 43. Ne1 f3 0-1

[Event "Landesliga Sued 1213"]
[Site "Bayern"]
[Date "2013.01.13"]
[Round "5.6"]
[White "Walch, Ingo"]
[Black "Spiess, Martin"]
[Result "0-1"]
[WhiteElo "1982"]
[BlackElo "2131"]
[PlyCount "72"]
[EventDate "2012.10.14"]
[EventType "team-tourn"]
[EventRounds "9"]
[EventCountry "GER"]
[SourceTitle "EXT 2015"]
[Source "ChessBase"]
[SourceDate "2014.11.20"]
[SourceVersion "1"]
[SourceVersionDate "2014.11.20"]
[SourceQuality "1"]
[WhiteTeam "Rottal"]
[BlackTeam "Ingolstadt"]
[WhiteTeamCountry "GER"]
[BlackTeamCountry "GER"]

1. d4 d5 2. c4 e6 3. Nc3 c6 4. Nf3 dxc4 5. g3 Nf6 6. Bg2 Bb4 7. 0-0 0-0 8. Qc2 Nbd7 9. Rd1 Qe7 10. Ne4 Nxe4 11. Qxe4 Nf6 12. Qc2 Rd8 13. a3 Ba5 14. Bd2 Bxd2 15. Rxd2 c3 16. bxc3 Qc7 17. e4 c5 18. e5 Nd7 19. Qe4 h6 20. d5 exd5 21. Qxd5 Re8 22. e6 Rxe6 23. Rad1 Re8 24. Nh4 Nf6 25. Qb3 Rb8 26. Qb5 Bg4 27. f3 Be6 28. f4 Bg4 29. Rb1 Bd7 30. Qc4 b6 31. Rbd1 Bg4 32. Rf1 Qe7 33. h3 Be2 34. Qa4 Qe3+ 35. Rf2 Qxd2 36. Nf3 Qe3 0-1

[Event "Oberliga Bayern 1011"]
[Site "Germany"]
[Date "2011.02.06"]
[Round "6.6"]
[White "Wachinger, Guenther"]
[Black "Walch, Ingo"]
[Result "1-0"]
[WhiteElo "2189"]
[BlackElo "2016"]
[PlyCount "57"]
[EventDate "2010.10.10"]
[EventType "team-tourn"]
[EventRounds "9"]
[EventCountry "GER"]
[SourceTitle "EXT 2012"]
[Source "ChessBase"]
[SourceDate "2011.11.24"]
[SourceVersion "1"]
[SourceVersionDate "2011.11.24"]
[SourceQuality "1"]
[WhiteTeam "Pang/Rosenheim"]
[BlackTeam "Rottal"]
[WhiteTeamCountry "GER"]
[BlackTeamCountry "GER"]

1. d4 Nf6 2. Nf3 e6 3. Bg5 h6 4. Bh4 b6 5. e3 Be7 6. Bd3 0-0 7. c4 Bb7 8. Nc3 c5 9. 0-0 d6 10. Qe2 Nc6 11. dxc5 bxc5 12. Rfd1 Qc7 13. Bxf6 gxf6 14. e4 Ne5 15. Nxe5 fxe5 16. Qh5 Kh7 17. f4 Bf6 18. Bc2 Bc6 19. Rd3 Bg7 20. Rf1 Qe7 21. Rh3 f6 22. Rff3 Kh8 23. Rfg3 Be8 24. Qh4 Qf7 25. f5 exf5 26. exf5 Qc7 27. Nd5 Qb7 28. Be4 Qxb2 29. Qxh6+ 1-0

[Event "Oberliga Bayern 1011"]
[Site "Germany"]
[Date "2010.11.14"]
[Round "3.8"]
[White "Walch, Ingo"]
[Black "Stocker, Rupert"]
[Result "0-1"]
[WhiteElo "2016"]
[BlackElo "2105"]
[PlyCount "74"]
[EventDate "2010.10.10"]
[EventType "team-tourn"]
[EventRounds "9"]
[EventCountry "GER"]
[SourceTitle "EXT 2012"]
[Source "ChessBase"]
[SourceDate "2011.11.24"]
[SourceVersion "1"]
[SourceVersionDate "2011.11.24"]
[SourceQuality "1"]
[WhiteTeam "Rottal"]
[BlackTeam "Groebenzell"]
[WhiteTeamCountry "GER"]
[BlackTeamCountry "GER"]

1. d4 e6 2. c4 d5 3. Nc3 c5 4. cxd5 exd5 5. Nf3 Nc6 6. g3 Nf6 7. Bg2 Be7 8. 0-0 0-0 9. dxc5 d4 10. Na4 Bf5 11. Ne1 Qd7 12. Nd3 h6 13. b3 Bh3 14. Bb2 Bxg2 15. Kxg2 Rfe8 16. b4 Rad8 17. a3 Bf8 18. Qc2 Re4 19. b5 Na5 20. c6 Qd5 21. f3 Ree8 22. cxb7 Qxb7 23. Rab1 Ng4 24. Bc1 Rc8 25. Qa2 Nc4 26. Kg1 Nge3 27. Bxe3 Nxe3 28. Rfe1 Rc2 29. Rb2 Rec8 30. Qb3 g5 31. Rxc2 Rxc2 32. Nab2 Rc3 33. Qa4 Rxa3 34. Qxd4 Nc2 35. Qc4 Qb6+ 36. Kh1 Nxe1 37. Nxe1 Qf2 0-1

[Event "Oberliga Bayern 1011"]
[Site "Germany"]
[Date "2010.10.10"]
[Round "1.6"]
[White "Walch, Ingo"]
[Black "Heimrath, Reiner"]
[Result "0-1"]
[WhiteElo "2016"]
[BlackElo "2258"]
[PlyCount "92"]
[EventDate "2010.10.10"]
[EventType "team-tourn"]
[EventRounds "9"]
[EventCountry "GER"]
[SourceTitle "EXT 2012"]
[Source "ChessBase"]
[SourceDate "2011.11.24"]
[SourceVersion "1"]
[SourceVersionDate "2011.11.24"]
[SourceQuality "1"]
[WhiteTeam "Rottal"]
[BlackTeam "Nuernberg NT"]
[WhiteTeamCountry "GER"]
[BlackTeamCountry "GER"]

1. d4 Nf6 2. c4 d6 3. Nc3 Nbd7 4. e4 e5 5. Nf3 Be7 6. Be2 0-0 7. 0-0 Re8 8. d5 Bf8 9. Nd2 g6 10. b4 a5 11. bxa5 Rxa5 12. Nb3 Ra8 13. a4 Kh8 14. Bg5 Be7 15. a5 Nxd5 16. Qxd5 Bxg5 17. c5 Nf6 18. Qd1 Be6 19. Qc2 Qe7 20. cxd6 cxd6 21. Qb2 Rec8 22. Rfb1 Qd8 23. Na4 Nd7 24. Bb5 Ra7 25. Bxd7 Bxd7 26. Nb6 Rc6 27. Nxd7 Qxd7 28. Rd1 Qc7 29. h3 h5 30. Qa3 Kh7 31. Qb4 Raa6 32. Qb5 Rc2 33. Rab1 Rac6 34. Na1 Rc1 35. Nb3 Rxb1 36. Rxb1 Rc4 37. Qd5 Kg7 38. Rd1 Rb4 39. Qd3 Qc6 40. g3 Qa4 41. Rb1 Qa2 42. h4 Bd8 43. Kg2 Bxa5 44. Qxd6 Qxb1 45. Qxe5+ Kh7 46. Nxa5 b6 0-1

[Event "Landesliga Sued 0910"]
[Site "Bayern"]
[Date "2009.11.29"]
[Round "3.5"]
[White "Stoer, Andreas"]
[Black "Walch, Ingo"]
[Result "1-0"]
[WhiteElo "2216"]
[BlackElo "2031"]
[PlyCount "51"]
[EventDate "2009.10.18"]
[EventType "team-tourn"]
[EventRounds "9"]
[EventCountry "GER"]
[SourceTitle "EXT 2011"]
[Source "ChessBase"]
[SourceDate "2010.11.26"]
[SourceVersion "1"]
[SourceVersionDate "2010.11.26"]
[SourceQuality "1"]
[WhiteTeam "Kriegshaber"]
[BlackTeam "Rottal"]
[WhiteTeamCountry "GER"]
[BlackTeamCountry "GER"]

1. c4 Nf6 2. Nf3 e6 3. g3 b6 4. Bg2 Bb7 5. 0-0 c5 6. Nc3 Be7 7. Re1 d6 8. e4 0-0 9. d4 cxd4 10. Nxd4 Nbd7 11. e5 dxe5 12. Bxb7 exd4 13. Bxa8 dxc3 14. Bg2 Bb4 15. Re2 Nc5 16. Qc2 Nd3 17. bxc3 Nxc1 18. Rd2 Ne2+ 19. Kf1 Qxd2 20. Qxd2 Bxc3 21. Qd1 Nd4 22. Rc1 Bb2 23. Rb1 Bc3 24. Qd3 Ng4 25. Qxc3 Nxh2+ 26. Ke1 1-0

[Event "Landesliga Sued 0809"]
[Site "Bayern"]
[Date "2009.03.15"]
[Round "8.7"]
[White "Klenk, Robert"]
[Black "Walch, Ingo"]
[Result "0-1"]
[WhiteElo "2085"]
[BlackElo "1974"]
[PlyCount "131"]
[EventDate "2008.10.05"]
[EventType "team-tourn"]
[EventRounds "9"]
[EventCountry "GER"]
[SourceTitle "EXT 2020"]
[Source "ChessBase"]
[SourceDate "2019.10.17"]
[SourceVersion "1"]
[SourceVersionDate "2019.10.17"]
[SourceQuality "1"]
[WhiteTeam "Bayern Muenchen III"]
[BlackTeam "Rottal"]
[WhiteTeamCountry "GER"]
[BlackTeamCountry "GER"]

1. d4 Nf6 2. c4 e6 3. Nc3 Bb4 4. Qc2 d5 5. a3 Bxc3+ 6. Qxc3 Ne4 7. Qc2 Nc6 8. e3 e5 9. f3 Nf6 10. dxe5 Nxe5 11. cxd5 Qxd5 12. e4 Qd8 13. Be3 0-0 14. Rd1 Nfd7 15. Nh3 c6 16. Be2 Re8 17. 0-0 Qe7 18. Nf2 Nf8 19. f4 Ned7 20. Bf3 f5 21. e5 Qf7 22. Rfe1 Nb6 23. Nd3 Be6 24. Nc5 Bd5 25. Bxd5 Nxd5 26. b4 Ne6 27. g3 Red8 28. Nxe6 Qxe6 29. Bc5 Rd7 30. Bd6 a6 31. a4 h6 32. Qc4 Kf7 33. b5 axb5 34. axb5 Nc7 35. Qxe6+ Nxe6 36. bxc6 bxc6 37. Kf2 g5 38. fxg5 hxg5 39. h4 gxh4 40. gxh4 Ra4 41. Kg3 Rda7 42. Rf1 Kg6 43. Rg1 Kh5 44. Rb1 Rxh4 45. Rh1 f4+ 46. Kf3 Ng5+ 47. Ke2 Rxh1 48. Rxh1+ Kg4 49. Rg1+ Kf5 50. Rc1 Ra6 51. Kd3 Rb6 52. Bc7 Rb3+ 53. Ke2 Ne6 54. Bd6 Nd4+ 55. Kf2 Rb2+ 56. Kf1 f3 57. Rd1 Nc2 58. Kf2 Ke4 59. Kg3 Ne3 60. Re1 Rg2+ 61. Kh3 Re2 62. Ra1 f2 63. e6 f1Q+ 64. Rxf1 Nxf1 65. e7 Kf3 66. Kh4 0-1

[Event "Landesliga Sued 0809"]
[Site "Bayern"]
[Date "2009.02.01"]
[Round "6.7"]
[White "Giss, Arthur"]
[Black "Walch, Ingo"]
[Result "1/2-1/2"]
[WhiteElo "2006"]
[BlackElo "1974"]
[PlyCount "79"]
[EventDate "2008.10.05"]
[EventType "team-tourn"]
[EventRounds "9"]
[EventCountry "GER"]
[SourceTitle "EXT 2020"]
[Source "ChessBase"]
[SourceDate "2019.10.17"]
[SourceVersion "1"]
[SourceVersionDate "2019.10.17"]
[SourceQuality "1"]
[WhiteTeam "Dillingen"]
[BlackTeam "Rottal"]
[WhiteTeamCountry "GER"]
[BlackTeamCountry "GER"]

1. e4 c5 2. Nc3 a6 3. g3 b5 4. Bg2 Bb7 5. d3 e6 6. f4 Nf6 7. Nf3 d5 8. e5 Nfd7 9. 0-0 Be7 10. Ne2 Nc6 11. c3 Qc7 12. d4 0-0 13. Bh3 b4 14. f5 exf5 15. Nf4 bxc3 16. Nxd5 cxb2 17. Bxb2 Qd8 18. Bxf5 Nxd4 19. Nxe7+ Qxe7 20. Nxd4 cxd4 21. Qxd4 Rfd8 22. Rac1 Nf8 23. Qc3 Ne6 24. Ba3 Qd7 25. Bd6 Rac8 26. Qd3 g6 27. Bh3 Rc6 28. Qb3 Rxc1 29. Rxc1 Rc8 30. Rc2 Be4 31. Rc3 Rxc3 32. Qxc3 Qa7+ 33. Kf1 Qb7 34. Bxe6 fxe6 35. Kf2 Qf7+ 36. Kg1 Bd5 37. a3 Qb7 38. Qb4 Qa7+ 39. Qc5 Qb7 40. Qb4 1/2-1/2

[Event "Landesliga Sued 0809"]
[Site "Bayern"]
[Date "2009.01.18"]
[Round "5.5"]
[White "Holl, Andreas"]
[Black "Walch, Ingo"]
[Result "0-1"]
[WhiteElo "2146"]
[BlackElo "1974"]
[PlyCount "60"]
[EventDate "2008.10.05"]
[EventType "team-tourn"]
[EventRounds "9"]
[EventCountry "GER"]
[SourceTitle "EXT 2020"]
[Source "ChessBase"]
[SourceDate "2019.10.17"]
[SourceVersion "1"]
[SourceVersionDate "2019.10.17"]
[SourceQuality "1"]
[WhiteTeam "Ingolstadt"]
[BlackTeam "Rottal"]
[WhiteTeamCountry "GER"]
[BlackTeamCountry "GER"]

1. d4 Nf6 2. Nf3 e6 3. c4 b6 4. g3 Ba6 5. Qc2 Bb7 6. Bg2 c5 7. d5 exd5 8. cxd5 Bxd5 9. Nc3 Bb7 10. 0-0 Be7 11. e4 Nc6 12. Rd1 Nb4 13. Qb3 Qc8 14. Ne5 0-0 15. Nc4 Re8 16. Nb5 Nxe4 17. Bxe4 Bxe4 18. Ncd6 Bxd6 19. Nxd6 Bd5 20. Qc3 Qc6 21. Nxe8 Rxe8 22. Bf4 Bh1 23. f3 Bxf3 24. Rd6 Qb7 25. Re1 Rf8 26. a3 Bh1 27. Qd2 Nd5 28. Kxh1 Nxf4+ 29. Kg1 Nh3+ 30. Kf1 Qf3+ 0-1